000 00889cam a2200277 a 4500
005 20260322212050.0
008 data
010 _a91-35427
020 _a0898621747 (alk. paper)
020 _a9780898621747 (alk. paper)
040 _aDNLM
_cDNLM
041 0 9 _aeng
044 _9United States
060 0 0 _aWM 270
_bV268r 1992
100 1 _aVannicelli, Marsha.
245 1 0 _aRemoving the roadblocks :
_bgroup psycotherapy [sic] with substance abusers and family members /
_cMarsha Vannicelli.
260 _aNew York :
_bGuilford Press,
_cc1992.
300 _axxiv, 325 p. :
_bill.
440 4 _aThe Guilford substance abuse series
504 _aIncludes bibliographical references and index.
650 2 _aChild of Impaired Parents
650 2 _aFamily Therapy
_xmethods
650 2 _aPsychotherapy, Group
_xmethods
650 2 _aSubstance-Related Disorders
_xtherapy
001 data
999 _c1183
_d1183